000 00241nam a2200097Ia 4500
008 240331s9999 xx 000 0 und d
082 _bTHI
100 _aThiruchandran,S
245 0 _aStories from the diaspora :
_btamil women writing
942 _cL
999 _c4468
_d4468